Cities With the Highest Elevation - Statistics

General Stats
  • This quiz has been taken 97 times
  • The average score is 13 of 25
Answer Stats
# Elevation Continent Answer % Correct
1 2640m South America Bogota
91%
4 2240m North America Mexico City
86%
2 2355m Africa Addis Ababa
84%
13 1564m North America Denver
84%
16 1400m Asia Kathmandu
80%
24 900m Asia Tehran
74%
12 1566m North America Guadalajara
67%
15 1495m South America Medellin
67%
7 1795m Africa Nairobi
64%
8 1791m Asia Kabul
60%
18 1200m Africa Kampala
57%
21 938m Asia Ankara
56%
9 1753m Africa Johannesburg
54%
5 2135m North America Puebla
54%
19 1172m South America Brasilia
49%
14 1500m North America Guatemala City
49%
3 2250m Asia Sana'a
49%
11 1574m Asia Isfahan
39%
6 1892m Asia Kunming
37%
25 852m South America Belo Horizonte
34%
20 995m Asia Mashhad
33%
22 935m South America Curitiba
23%
10 1600m Asia Lanzhou
19%
23 920m Asia Bangaluru
16%
17 1275m Asia Guiyang
10%
No matching quizzes found
Score Distribution
Percent of People with Each Score
Percentile by Number Answered
Your Score History
You have not taken this quiz